Vom Lutheraner zum Franziskaner / (Record no. 95231)

MARC details
000 -LEADER
campo de control de longitud fija 00532nam a2200169 i 4500
001 - NÚMERO DE CONTROL
campo de control 95231
003 - IDENTIFICADOR DE NÚMERO DE CONTROL
campo de control ES-MaACL
005 - FECHA Y HORA DE LA ÚLTIMA TRANSACCIÓN
campo de control 20230906181648.0
007 - CAMPO FIJO DE DESCRIPCIÓN FÍSICA--INFORMACIÓN GENERAL
campo de control de longitud fija t|
008 - DATOS DE LONGITUD FIJA--INFORMACIÓN GENERAL
campo de control de longitud fija 050524s1916 gw ||||1| ger d
245 04 - MENCIÓN DEL TÍTULO
Título Vom Lutheraner zum Franziskaner /
Mención de responsabilidad, etc. Konvertiten-Briefe Heraugegeben von Dr. P. Expeditus Schmidt.
250 ## - MENCION DE EDICION
Mención de edición 2ª Aufl.
260 ## - PUBLICACIÓN, DISTRIBUCIÓN, ETC.
Lugar de publicación, distribución, etc. Landshut :
Nombre del editor, distribuidor, etc. J. Hochneder'schen Buchhandlung,
Fecha de publicación, distribución, etc. 1916.
300 ## - DESCRIPCIÓN FÍSICA
Extensión 184 p., 11 lám. ;
Dimensiones 20 cm.
700 1# - ENTRADA AGREGADA--NOMBRE PERSONAL
Nombre de persona Schmidt, Expeditus.
9 (RLIN) 104472
852 ## - LOCALIZACIÓN
Ubicación ES-MaACL
Número de control de estantería C-4788
Sublocalización o colección R.24468
Holdings
Estatus retirado Estado de pérdida Estado de daño No para préstamo Biblioteca de origen Biblioteca actual Ubicación en estantería Fecha de adquisición Fuente de adquisición Total de préstamos Signatura topográfica completa Código de barras Visto por última vez Precio de reemplazo Tipo de ítem Koha
        Biblioteca del Ateneo de Madrid Biblioteca del Ateneo de Madrid Sala Palomar 17/01/2008     C-4788 1099443 23/02/2023 23/02/2023 Libro impreso